000 00484nam a2200193Ia 4500
005 20240823020727.0
008 240823s9999||||xx |||||||||||||| ||und||
020 _a1-56032-714-6
041 _aENGLISH
082 _A621.47 P3
100 _aYogi Goswami D et al.
245 0 _aPrinciples of Solar Engineering
250 _a2nd
260 _c2003
_b"Eswar Press,Ch"
_aChennai
500 _aTRANSFERED
650 _aSolar
_bAerospace Engineering
942 _cBK
999 _c175422
_d175422